000 01239nam a22003377a 4500
001 T0000005
003 KOHA_MİRAKIL
005 20260207004503.0
007 ta
008 190401b2010 xx |||grm|||#0|||0|tur |
040 _aTR-BiSEU
_btur
_cTR-BiSEU
_erda
041 0 _atur
050 0 0 _aTez
_b5
100 1 _aBinici, Murat.
245 1 _a5237 sayılı TCK'da hırsızlık suçu/
_cMurat Binici ; Murat Binici; danışman Murat Ercan.
264 1 _aBilecik :
_bBilecik Üniversitesi
_c2010
300 _aXIII, 146 sayfa; 30 cm.+1 CD-ROM
336 _ametin
_btxt
_2rdacontent
337 _aaracısız
_bn
_2rdamedia
338 _acilt
_bnc
_2rdacarrier
500 _aRef. No: 393876
500 _aKaynakça var.
500 _aİngilizce Ese Adı : Crime of theft under turkish criminal code numbered 5237
502 _aTez (Yüksek Lisans) -- Bilecik Üniversitesi Sosyal Bilimler Enstitüsü Kamu Yönetimi Anabilim Dalı, Bilecik, .
650 0 _aHursızlık--Hırsızlık suçu.
_9118781
650 0 _aHırsızlık suçunun tarihsel gelişimi.
_9118782
650 0 _aThelf--Crime of theft.
_9118783
650 0 _aHistorical development of crime of theft.
_9118784
856 4 0 _uhttp://acikkaynak.bilecik.edu.tr/xmlui/handle/11552/93
907 _aYüksek Lisans
942 _2lcc
_cTS
999 _c64556
_d64556